The determinants of teenage schooling in Jamaica: rich vs. poor, females vs. males (Record no. 33842)

000 -LEADER
fixed length control field 00400pab a2200145 454500
008 - FIXED-LENGTH DATA ELEMENTS--GENERAL INFORMATION
fixed length control field 180718b1996 xxu||||| |||| 00| 0 eng d
100 ## - MAIN ENTRY--PERSONAL NAME
Personal name Handa, Sudhanshu
245 ## - TITLE STATEMENT
Title The determinants of teenage schooling in Jamaica: rich vs. poor, females vs. males
260 ## - PUBLICATION, DISTRIBUTION, ETC.
Date of publication, distribution, etc. 1996
300 ## - PHYSICAL DESCRIPTION
Extent p.554-80
362 ## - DATES OF PUBLICATION AND/OR SEQUENTIAL DESIGNATION
Dates of publication and/or sequential designation Apr
650 ## - SUBJECT ADDED ENTRY--TOPICAL TERM
Topical term or geographic name entry element Education
773 ## - HOST ITEM ENTRY
Main entry heading Journal of Development Studies
909 ## -
-- 33842
Holdings
Withdrawn status Lost status Damaged status Not for loan Permanent Location Current Location Date acquired Serial Enumeration / chronology Barcode Date last seen Price effective from Koha item type
        Indian Institute of Public Administration Indian Institute of Public Administration 2018-07-19 Volume no: 32, Issue no: 4 AR34069 2018-07-19 2018-07-19 Articles

Powered by Koha